¿Qué pueden aprender los católicos de la controversia sobre el bautismo de niños? (Registro nro. 69572)
[ vista simple ]
| 000 -LÍDER | |
|---|---|
| Campo fijo de descripción fija | 01202nab a2200205 i 4500 |
| 001 - NÚMERO DE CONTROL | |
| Campo de control | 768714001 |
| 003 - IDENTIFICADOR DEL NÚMERO DE CONTROL | |
| Campo de control | CO-MdFUSB |
| 005 - FECHA Y HORA DE LA ULTIMA TRANSACCIÓN | |
| control field | 20240508170626.0 |
| 008 - ELEMENTOS DE LONGITUD FIJA -- INFORMACIÓN GENERAL | |
| Campo fijo de descripción fija -- Información general | 240507t1967 sp ||||| |||| 00| 0 spa d |
| 040 ## - FUENTE DE CATALOGACIÓN | |
| Idioma de catalogación | spa |
| Agencia que realiza la transcripción | CO-MdFUSB |
| Agencia que realiza la modificación | CO-MdFUSB |
| 041 ## - CÓDIGO DE IDIOMA | |
| Código de idioma para texto/pista de sonido o título separado | spa |
| 100 ## - ASIENTO PRINCIPAL--NOMBRE PERSONAL | |
| Nombre personal | Hurley, Michael, |
| Término relacionador | autor |
| 245 ## - TÍTULO | |
| Título | ¿Qué pueden aprender los católicos de la controversia sobre el bautismo de niños? |
| Mención de responsabilidad | / Michael Hurley |
| 520 ## - NOTA DE RESUMEN, ETC. | |
| Nota de sumario, etc. | En los años de la posguerra, la práctica tradicional del bautismo de niños ha sido objeto de viva controversia en el protestantismo continental (europeo), en la Iglesia de Inglaterra (anglicana) y en las Iglesias baptistas. La controversia tuvo en cada caso un origen y un objetivo particular, pero puede considerarse como parte de todo un movimiento de autocrítica y renovación eclesial, centrada muy explicable y adecuadamente en el rito de iniciación. |
| 650 #0 - ASIENTO SECUNDARIO DE MATERIA - TERMINO TEMÁTICO | |
| Término temático o nombre geográfico como elemento de entrada | Ecumenismo |
| Subdivisión general | Historia |
| 9 (RLIN) | 1146 |
| 650 #0 - ASIENTO SECUNDARIO DE MATERIA - TERMINO TEMÁTICO | |
| Término temático o nombre geográfico como elemento de entrada | Bautismo |
| 9 (RLIN) | 1149 |
| 773 0# - ASIENTO DE ITEM FUENTE | |
| Biblionumber | 49450 |
| Itemnumber | 82584 |
| Otro identificador del ítem | R2514 |
| Título | Revista internacional de teología Concilium |
| Número de control del registro | (CO-MdFUSB)8 |
| Número Internacional Normalizado para Publicaciones Seriadas (ISSN) | 0210-1041 |
| Parte(s) relacionada(s) / Volumen., número. (mes año), páginas | Número 24, (abril, 1967), páginas: 19 - 27 |
| Enumeración y primera página | página: 19 |
| 942 ## - TIPO DE MATERIAL (KOHA) | |
| Tipo de Item KOHA | Artículos de Revista |
| 945 ## - INFORMACIÓN LOCAL DEL REGISTRO | |
| Catalogador | Catherine Arias Alvarez - Practicante SENA |
No hay ítems disponibles.
